Mixed Word: Words of Encouragement Quiz Stats

 Plays Quiz Updated Oct 19, 2016

Challenge
Share
Tweet
Embed
Score 0/20 Timer 05:00
0 Plays Today
Clue Answer % Correct
ECAACE
99.6%
OLCOCOOL
99.5%
WELLSSWELL
98.3%
TIYNFNIFTY
90.6%
MZANIGAAMAZING
90.1%
ENXLTCLELEXCELLENT
89.4%
BPURESSUPERB
86.6%
LCREIDNEBIINCREDIBLE
85.7%
UNDERFLOWWONDERFUL
78.6%
TUPNOESDUSSTUPENDOUS
77.4%
Clue Answer % Correct
ANTIFACTSFANTASTIC
77%
MEOWSEAAWESOME
73.8%
RMEVSAOLUMARVELOUS
73.3%
UFLBOSAUFABULOUS
72.1%
FREITRCITERRIFIC
69.2%
NATIONSALESSENSATIONAL
59%
EORPURSISUPERIOR
57.6%
CAELCUTRASPSPECTACULAR
53.5%
ASTOUNDINGTOUTSTANDING
48.7%
ENMAHLPEONPHENOMENAL
43.7%

You're not logged in!

Compare scores with friends on all Sporcle quizzes.
Join for Free
OR
Log In

You Might Also Like...

Show Comments

Extras

Top Quizzes Today


Score Distribution

Your Account Isn't Verified!

In order to create a playlist on Sporcle, you need to verify the email address you used during registration. Go to your Sporcle Settings to finish the process.

Report this User

Report this user for behavior that violates our Community Guidelines.

Details: